000 00190nam a22000857a 4500
082 _a629.8 AUT'O
245 _aAUTOMATION IN PERSPECTIVE
260 _aLONDON
_bHER MAJESTY'S
_c1956
942 _cBK
999 _c569074
_d569074